Представление документа в формате RUSMARC

ПолеНазваниеЗначение
  Тип записи i
  Библиографический уровень m
001 Контрольный номер RU/IS/BASE/357750089
005 Дата корректировки 20201206204803.9
010 Индекс ISBN __
d Цена 172-13
101 Язык документа __
a Язык текста rus
200 Заглавие и сведения об ответственности 1_
a Заглавие Вилла "Белый конь" ; Тайна китайской вазы
e Сведения, относящиеся к заглавию [аудиоспектакли]
f Первые сведения об ответственности Агата Кристи ; [исполн.: А. Адоскин и др. ; Гостелерадиофонд]
b Общее обозначение материала Звукозапись
210 Выходные данные __
a Место издания М.
c Издательство Изд-во
d Дата издания 2010
215 Физическое описание __
a Объем 1 электрон. опт. диск (Audio CD) (2 ч. 25 мин.)
225 Серия __
a Серия Audiobook
300 Общие примечания __
a Общие примечания Pentium 100 MHz ; 16 Mb RAM ; 4-x CD-ROM ; SVGA ; Windows 98/Me/NT/2000/XP ; звуковая карта ; mp3
323 Примечание о главных создателях, исполнителях, участниках __
a Примечание о главных создателях, исполнителях, участниках Адоскин, А.
a Примечание о главных создателях, исполнителях, участниках Весник, Е.
a Примечание о главных создателях, исполнителях, участниках Гребенщикова, Л.
a Примечание о главных создателях, исполнителях, участниках Ларионов, В.
a Примечание о главных создателях, исполнителях, участниках Сергачев, В.
a Примечание о главных создателях, исполнителях, участниках Стриженова, Л.
a Примечание о главных создателях, исполнителях, участниках Шапошникова, Л.
a Примечание о главных создателях, исполнителях, участниках Панкова, Т.
a Примечание о главных создателях, исполнителях, участниках Филиппов, Р.
a Примечание о главных создателях, исполнителях, участниках Васильева, В.
a Примечание о главных создателях, исполнителях, участниках Курьянова, Т.
a Примечание о главных создателях, исполнителях, участниках Ворчук, С.
a Примечание о главных создателях, исполнителях, участниках Лоскутова, Н.
a Примечание о главных создателях, исполнителях, участниках Иванов, Б.
a Примечание о главных создателях, исполнителях, участниках Дугин, В.
a Примечание о главных создателях, исполнителях, участниках Шабарин, Л.
a Примечание о главных создателях, исполнителях, участниках Карташева, И.
327 Примечание о содержании __
a Примечание о содержании Тайна китайской вазы : [радиоспектакль]
330 Аннотация __
a Аннотация Агата Кристи - выдающаяся английская писательница, мастер детективного жанра. В состав диска входят следующие произведения: "Вилла "Белый конь", "Тайна китайской вазы".
517 Другие варианты заглавия __
a Другие варианты заглавия Тайна китайской вазы
606 Тематические рубрики __
a Основная рубрика Музыка и зрелищные искусства
606 Тематические рубрики __
a Основная рубрика Художественное радиовещание
610 Ключевые слова __
a Ключевые слова детективы; детективная литература; радиоспектакли; радиопьесы; радиопостановки; тема убийств; тема расследований; тема приключений
686 Индексы других классификаций __
a Классификационный индекс 85.38я04
700 Автор _1
a Фамилия Кристи
b Имя А.
f Даты 1891-1976
g Полное личное имя Агата
4 Код отношения 070
801 Источник записи _0
a Страна RU
b Организация Муниципальное бюджетное учреждение культуры "Централизованная библиотечная система" г. Сургут (Центральная городская библиотека им. А. С. Пушкина)
g Правила каталогизации КиК/Поспелова
801 Источник записи _1
a Страна RU
b Организация Муниципальное бюджетное учреждение культуры "Централизованная библиотечная система" г. Сургут (Центральная городская библиотека им. А. С. Пушкина)
g Правила каталогизации КиК/Поспелова
852 Данные о местонахождении __
j Шифр хранения 85.38я04
i Авторский знак К 82
901 Тип документа __
t Тип документа 0
903 Характеристики (МАРС) __
a Дата передачи 20110503
969 Тип издания __
a Тип издания аудиоспектакль
990 Данные о заказе (DOS) __
j Количество экземпляров (DOS) 1
h N записи в КСУ для Б/У (DOS) 201106